Kinetic and mechanistic study of methyl transfer from methylcobalamin (methyl vitamin B₁₂) to mercuric ion in aqueous and micellar environments /

Bibliographic Details
Main Author: Robinson, Glenn Clarke
Format: Thesis eBook
Language:English
Published: [College Station, Tex.] : Robinson, 1976.
Subjects:
Online Access:Link to OAKTrust copy

MARC

Tag First Indicator Second Indicator Subfields
LEADER 00000cam a2200000 i 4500
001 in00000759913
005 20220103114431.0
007 cr unu a
008 770815s1976 txua b 00010 eng d
035 |9 ADK5764AM 
035 |a (OCoLC)03187922 
040 |a TXA  |c TXA  |d UtOrBLW 
049 |a TXAZ [Also in] [Sp Coll]  |c 1 [441357], 2 [441358] 
099 |a 1976  |a Thesis  |a R661 
100 1 |a Robinson, Glenn Clarke. 
245 1 0 |a Kinetic and mechanistic study of methyl transfer from methylcobalamin (methyl vitamin B₁₂) to mercuric ion in aqueous and micellar environments /  |c by Glenn Clarke Robinson. 
264 1 |a [College Station, Tex.] :  |b Robinson,  |c 1976. 
300 |a ix, 52 leaves :  |b illustrations ;  |c 28 cm. 
336 |a text  |b txt  |2 rdacontent 
337 |a computer  |b c  |2 rdamedia 
338 |a online resource  |b cr  |2 rdacarrier 
500 |a "Major subject: Chemistry." 
500 |a Vita. 
502 |b M.S.  |c Texas A&M University. 
504 |a Bibliography: leaves 49-51. 
530 |a Also available online. 
650 0 |a Methyl groups. 
650 0 |a Transmethylation. 
650 4 |a Major chemistry. 
856 4 1 |u https://hdl.handle.net/1969.1/ETD-TAMU-1976-THESIS-R661  |z Link to OAKTrust copy  |t 0 
999 |a MARS 
999 f f |s bc570ab0-7745-39da-8f9d-ec3cd9471e61  |i dca020e8-5925-3db3-8416-2cbc55054b50  |t 0 
952 f f |p noncirc  |a Texas A&M University  |b J.J. Pickle Campus  |c High Density Repository  |s HDR  |d Remote Storage  |t 0  |e 1976 Thesis R661  |h Other scheme  |i computer -- online resource  |m A14840974377 
952 f f |a Texas A&M University  |b College Station  |c Electronic Resources  |s www_evans  |d Available Online  |t 0  |e 1976 Thesis R661  |h Other scheme 
998 f f |a 1976 Thesis R661  |t 0  |l Available Online 
998 f f |a 1976 Thesis R661  |t 0  |l Remote Storage